| 000 | 00599nam a2200205 a 4500 | ||
|---|---|---|---|
| 001 | 1891 | ||
| 003 | CDMR | ||
| 005 | 20131118122026.0 | ||
| 008 | 130130s1981||||||||||||||||||||||||||||d | ||
| 020 | _a842320183X | ||
| 040 |
_aCDMR _bcat _cCDMR |
||
| 100 | 1 |
_aFigueres i Artigues, Josep Maria _913 |
|
| 245 | 1 | 3 |
_aLa Renaixensa _b: diari de Catalunya (1881-1905) _cJosep M. Figueres |
| 260 |
_aBarcelona _c1981 _bRafael Dalmau |
||
| 300 | _a60 p. | ||
| 490 | 0 |
_aEpisodis de la Història _v249 |
|
| 610 | 2 |
_93458 _aLa Renaixensa (Diari) |
|
| 650 | 0 | 4 |
_91524 _aPremsa _xHistòria _zCatalunya |
| 942 |
_cMON _2udc |
||
| 999 |
_c1891 _d1891 |
||